<?xml version="1.0" encoding="UTF-8"?>
<record
    xmlns:xsi="http://www.w3.org/2001/XMLSchema-instance"
    xsi:schemaLocation="http://www.loc.gov/MARC21/slim http://www.loc.gov/standards/marcxml/schema/MARC21slim.xsd"
    xmlns="http://www.loc.gov/MARC21/slim">

  <leader>02629nam a2200409 u 4500</leader>
  <controlfield tag="001">1140387</controlfield>
  <controlfield tag="005">20260507114207.0</controlfield>
  <controlfield tag="007">co|||||||</controlfield>
  <controlfield tag="008">090504s2009                        spa  </controlfield>
  <datafield tag="035" ind1=" " ind2=" ">
    <subfield code="a">1140387</subfield>
  </datafield>
  <datafield tag="040" ind1=" " ind2=" ">
    <subfield code="c">comduadb</subfield>
  </datafield>
  <datafield tag="041" ind1=" " ind2=" ">
    <subfield code="a">spa</subfield>
  </datafield>
  <datafield tag="080" ind1=" " ind2=" ">
    <subfield code="a">T/CD</subfield>
  </datafield>
  <datafield tag="082" ind1=" " ind2="4">
    <subfield code="a">155</subfield>
  </datafield>
  <datafield tag="100" ind1="1" ind2="0">
    <subfield code="a">Cogollo Guzman, Oriana Sofia</subfield>
    <subfield code="4">aut</subfield>
    <subfield code="e">aut</subfield>
    <subfield code="9">560162</subfield>
  </datafield>
  <datafield tag="245" ind1="1" ind2="0">
    <subfield code="a">Rasgos de personalidad e ideas irracionales en ni&#xF1;os con indicadores de agresion de las instituciones educativas Tomas Cadavid, Santa Catalina y Liceo Antioque&#xF1;o (municipio de Bello: Antioquia)</subfield>
  </datafield>
  <datafield tag="260" ind1=" " ind2=" ">
    <subfield code="a">Medell&#xED;n :</subfield>
    <subfield code="b">[sin publicador],</subfield>
    <subfield code="c">2009.</subfield>
  </datafield>
  <datafield tag="300" ind1=" " ind2=" ">
    <subfield code="a">1 CD-ROM</subfield>
  </datafield>
  <datafield tag="520" ind1="3" ind2=" ">
    <subfield code="a">La presente investigaci&#xF3;n tuvo como objetivo describir los rasgos de personalidad y las ideas irracionales presentes en ni&#xF1;os con indicadores de agresi&#xF3;n de Escuelas P&#xFA;blicas del Municipio de Bello en el Departamento de Antioquia. El enfoque de investigaci&#xF3;n trabajado se enmarc&#xF3; en lo cuantitativo, bajo un enfoque emp&#xED;rico-anal&#xED;tico, de corte descriptivo, transversal. Los instrumentos de medici&#xF3;n utilizados fueron como prueba tamiz para seleccionar los ni&#xF1;os con indicadores de agresividad, el test COPRAG (Cuestionario de evaluaci&#xF3;n de comportamientos agresivos y prosociales), del cual se tuvo en cuenta solo tres de las cinco variables medidas por dicha prueba, las cuales son agresividad directa, agresividad indirecta y prosocialidad, el IBT infantil modificado que mide ideas irracionales y el CPQ (Children Personality Questionary) para los rasgos de personalidad. Los resultados arrojados en el estudio muestran que la idea irracional m&#xE1;s predominante en los ni&#xF1;os con indicadores de agresividad fue la territorialidad y en los rasgos de personalidad se resalta el factor B inteligencia Baja y el factor N referido a la astucia</subfield>
  </datafield>
  <datafield tag="650" ind1=" " ind2=" ">
    <subfield code="a">Agresi&#xF3;n (psicolog&#xED;a)</subfield>
    <subfield code="9">162817</subfield>
  </datafield>
  <datafield tag="650" ind1=" " ind2=" ">
    <subfield code="a">Ni&#xF1;os</subfield>
    <subfield code="9">575</subfield>
  </datafield>
  <datafield tag="650" ind1=" " ind2=" ">
    <subfield code="a">Ideas irracionales</subfield>
    <subfield code="9">110235</subfield>
  </datafield>
  <datafield tag="650" ind1=" " ind2="7">
    <subfield code="a">Personalidad</subfield>
    <subfield code="2">lemb</subfield>
    <subfield code="9">550</subfield>
  </datafield>
  <datafield tag="650" ind1=" " ind2="7">
    <subfield code="a">Psicolog&#xED;a cognitiva</subfield>
    <subfield code="2">dcs</subfield>
    <subfield code="9">312</subfield>
  </datafield>
  <datafield tag="650" ind1=" " ind2=" ">
    <subfield code="a">Instrumentos de medici&#xF3;n</subfield>
    <subfield code="9">39777</subfield>
  </datafield>
  <datafield tag="650" ind1=" " ind2=" ">
    <subfield code="a">Instituto Psicopedagogico Tomas Cadavid Restrepo de Bello</subfield>
    <subfield code="9">116292</subfield>
  </datafield>
  <datafield tag="650" ind1=" " ind2=" ">
    <subfield code="a">Institucion Educativa Liceo Antioque&#xF1;o de Bello</subfield>
    <subfield code="9">169385</subfield>
  </datafield>
  <datafield tag="650" ind1=" " ind2="7">
    <subfield code="a">Conducta infantil</subfield>
    <subfield code="2">lemb</subfield>
    <subfield code="9">25952</subfield>
  </datafield>
  <datafield tag="650" ind1=" " ind2=" ">
    <subfield code="a">Prosocial</subfield>
    <subfield code="9">55330</subfield>
  </datafield>
  <datafield tag="700" ind1="1" ind2="0">
    <subfield code="a">Martinez Vargas, Andres Alberto</subfield>
    <subfield code="4">aut</subfield>
    <subfield code="e">aut</subfield>
    <subfield code="9">561611</subfield>
  </datafield>
  <datafield tag="700" ind1="1" ind2="0">
    <subfield code="a">Copete Perez, Lina Marcela</subfield>
    <subfield code="4">aut</subfield>
    <subfield code="e">aut</subfield>
    <subfield code="9">560163</subfield>
  </datafield>
  <datafield tag="700" ind1="1" ind2="0">
    <subfield code="a">Aguilar Moya, Diana Alana</subfield>
    <subfield code="4">aut</subfield>
    <subfield code="e">aut</subfield>
    <subfield code="9">560164</subfield>
  </datafield>
  <datafield tag="700" ind1="1" ind2="0">
    <subfield code="a">Lopez Bustamante, Piedad Liliana</subfield>
    <subfield code="4">ths</subfield>
    <subfield code="e">ths</subfield>
    <subfield code="9">427447</subfield>
  </datafield>
  <datafield tag="942" ind1=" " ind2=" ">
    <subfield code="c">TESIS</subfield>
  </datafield>
  <datafield tag="999" ind1=" " ind2=" ">
    <subfield code="c">510643</subfield>
    <subfield code="d">510643</subfield>
  </datafield>
  <datafield tag="502" ind1=" " ind2=" ">
    <subfield code="b">105</subfield>
    <subfield code="c">12</subfield>
  </datafield>
  <datafield tag="526" ind1=" " ind2=" ">
    <subfield code="a">106</subfield>
  </datafield>
  <datafield tag="952" ind1=" " ind2=" ">
    <subfield code="0">0</subfield>
    <subfield code="1">0</subfield>
    <subfield code="4">0</subfield>
    <subfield code="7">0</subfield>
    <subfield code="8">DIGITAL</subfield>
    <subfield code="a">CISH</subfield>
    <subfield code="b">CISH</subfield>
    <subfield code="d">2009-05-04</subfield>
    <subfield code="i">C1044918</subfield>
    <subfield code="l">0</subfield>
    <subfield code="o">T/CD-07225</subfield>
    <subfield code="p">0623362</subfield>
    <subfield code="r">2023-04-29 00:00:00</subfield>
    <subfield code="t">1</subfield>
    <subfield code="w">2023-04-29</subfield>
    <subfield code="y">DIGITAL</subfield>
  </datafield>
  <datafield tag="952" ind1=" " ind2=" ">
    <subfield code="0">0</subfield>
    <subfield code="1">0</subfield>
    <subfield code="4">0</subfield>
    <subfield code="7">0</subfield>
    <subfield code="8">TESDIGBC</subfield>
    <subfield code="a">BC</subfield>
    <subfield code="b">BC</subfield>
    <subfield code="d">2009-05-04</subfield>
    <subfield code="e">Material adquirido por donaci&#xF3;n</subfield>
    <subfield code="i">C1044760</subfield>
    <subfield code="l">0</subfield>
    <subfield code="o">155.41828 R224 CD-ROM</subfield>
    <subfield code="p">0690431</subfield>
    <subfield code="r">2023-04-29 00:00:00</subfield>
    <subfield code="t">1</subfield>
    <subfield code="w">2023-04-29</subfield>
    <subfield code="y">DIGITAL</subfield>
  </datafield>
</record>
